Case news: Hughes v Groveholt (Record no. 75713)
[ view plain ]
| 000 -LEADER | |
|---|---|
| fixed length control field | 01620cab a2200205 4500 |
| 001 - CONTROL NUMBER | |
| control field | L130579 |
| 008 - FIXED-LENGTH DATA ELEMENTS--GENERAL INFORMATION | |
| fixed length control field | 050815n2005 000 0 eng u |
| 035 ## - SYSTEM CONTROL NUMBER | |
| System control number | (Sirsi) u130579 |
| 041 ## - LANGUAGE CODE | |
| Language code of text/sound track or separate title | eng |
| 100 ## - MAIN ENTRY--PERSONAL NAME | |
| Personal name | Gordon, Warren |
| 245 ## - TITLE STATEMENT | |
| Title | Case news: Hughes v Groveholt |
| 260 ## - PUBLICATION, DISTRIBUTION, ETC. | |
| Date of publication, distribution, etc. | 2005 |
| 490 ## - SERIES STATEMENT | |
| Series statement | Property Week |
| Volume/sequential designation | 70(31) 5 August 2005, 57(1) |
| 520 ## - SUMMARY, ETC. | |
| Summary, etc. | Discusses the case "Hughes v Groveholt Ltd" ([2005] EWCA Civ 897, unreported) where the court had to decide whether the seller of a brownfield site was entitled to additional payments when the value of that land increased. The appellant, Hughes (H), had sold land to Chelverton Properties as part of a redevelopment scheme and had taken out a mortgage on the land to protect his position as he would be paid more if planning consents were given. Chelverton sold the land to the defendant, developers Groveholt (G), subject to H's mortgage but on liquidation, the liquidator disclaimed Chelverton's rights and obligations to H: at the time H was entitled to £3m in extra payments. H claimed the £3m but the court decided that he had lost the right to the money on the grounds that there was no commercial sense in H getting an extra purchase payment that did not reflect the preparatory costs a developer would have to incur. |
| 590 ## - LOCAL NOTE (RLIN) | |
| Local note | IKA160805 |
| 650 ## - SUBJECT ADDED ENTRY--TOPICAL TERM | |
| Topical term or geographic name entry element | HUGHES V GROVEHOLT LTD |
| 690 ## - LOCAL SUBJECT ADDED ENTRY--TOPICAL TERM (OCLC, RLIN) | |
| Topical term or geographic name as entry element | PROPERTY-COMMERCIAL PROPERTY-COMMERCIAL PROPERTY DEVELOPMENT |
| 856 ## - ELECTRONIC LOCATION AND ACCESS | |
| Uniform Resource Identifier | <a href="https://www.bailii.org/cgi-bin/markup.cgi?doc=/ew/cases/EWCA/Civ/2005/897.html&query=hughes+groveholt&method=all">https://www.bailii.org/cgi-bin/markup.cgi?doc=/ew/cases/EWCA/Civ/2005/897.html&query=hughes+groveholt&method=all</a> |
| Public note | View the item free of charge at www.bailii.org... |
| 942 ## - ADDED ENTRY ELEMENTS (KOHA) | |
| Suppress in OPAC | 0 |
| Withdrawn status | Lost status | Source of classification or shelving scheme | Damaged status | Not for loan | Home library | Current library | Shelving location | Date acquired | Total Checkouts | Full call number | Barcode | Date last seen | Copy number | Price effective from | Koha item type |
|---|---|---|---|---|---|---|---|---|---|---|---|---|---|---|---|
| Dewey Decimal Classification | London | London | Journal article | 15/08/2005 | L130579 | 130579-1001 | 06/08/2019 | 1 | 06/08/2019 | Journal article |